| 000 | 00676nam a2200217 ar4500 | ||
|---|---|---|---|
| 001 | 3426 | ||
| 005 | 20221127090739.0 | ||
| 008 | 130721s xxua 00110 eng d | ||
| 020 |
_a9780273768258(pbk) : _cSR222.00 |
||
| 082 | 0 | 4 |
_a658.4013 _bF817 2013 |
| 100 | 1 | _aFoster, S. Thomas. | |
| 245 | 1 | 0 |
_aManaging quality : _bintegrating the supply chain / _cS. Thomas Foster, Kunal Ganguly. |
| 250 | _a5th ed. | ||
| 260 |
_aBoston, Mass. : _bPearson, _c2013. |
||
| 300 |
_a477 p. : _bill. ; _c26 cm. |
||
| 500 | _aIncludes index. | ||
| 650 | 4 | _aQuality control. | |
| 650 | 4 | _aTotal quality management. | |
| 650 | 4 | _aMaterials management. | |
| 700 | 0 |
_aGanguly, Kunal K., _ejt. auth. |
|
| 999 |
_c3424 _d3424 |
||